| 000 | 01022nam a22003017a 4500 | ||
|---|---|---|---|
| 003 | EG-ScBUE | ||
| 005 | 20220227121928.0 | ||
| 008 | 110531s2006 ua f 000 f eeng d | ||
| 020 | _a9774160282 | ||
| 020 | _a9789774160288 | ||
| 040 |
_aEG-ScBUE _beng _erda _cEG-ScBUE _dEG-ScBUE |
||
| 082 | 0 | 4 |
_222 _a892.736 _bBAD |
| 100 | 1 |
_924490 _aBadri, Halah, _eauthor. |
|
| 245 | 1 | 2 |
_aA certain woman / _cHala Al Badry ; translated by Farouk Abdel Wahab. |
| 264 | 1 |
_aCairo : _bThe American University in Cairo Press, _c2006. |
|
| 300 |
_a216 pages ; _c20 cm. |
||
| 336 |
_2rdacontent _atext _btxt |
||
| 337 |
_2rdamedia _aunmediated _bn |
||
| 338 |
_2rdacarrier _avolume _bnc |
||
| 490 | 0 | _aModern Arabic literature | |
| 546 | _aText in English ; translated from the Arabic. | ||
| 650 | 7 |
_aArabic fiction _y21st century _xTranslations into English. _2BUEsh |
|
| 651 | _2BUEsh | ||
| 653 |
_cMay2011 _bARALIT |
||
| 655 |
_aArabic fiction _vReading book |
||
| 700 | 1 |
_95803 _aAbdel Wahab, Farouk, _etranslator. |
|
| 942 |
_2ddc _cBB |
||
| 999 |
_c15487 _d15487 |
||